000
00319nam a22001337a 4500
008
170524b xxu||||| |||| 00| 0 eng d
020
_a
9790849325303
041
_a
eng
080
_a
62
100
_a
26
101
_a
IM
245
_a
THE HANDBOOK OF SOFTWARE FOR ENGINEERS AND SCIENTISTS
_c
ROSS,P.W
942
_2
udc
_c
BK
999
_c
14004
_d
14004